LEADER 01703nas a2200265 i 4500 001 000000003103 003 CaOOAMICUS 005 20210507180416.0 008 180830c19549999sp zr p u0 0mul r 022 $a0036-3537 040 $aSeMil$bita 245 00$aSalmanticensis :$bcommentarius de Sacris Disciplinis /$ccura Facultatum Pontificia Universitas Ecclesiastica editus. 260 $aSalamanca :$bUniversidad Pontificia de Salamanca,$c1954- 310 $aQuadrimestrale 362 0 $a1954- 500 $aContiene [Bollettino periodico] : Bibliografía patrística hispano-luso-americana. 510 4 $aCod. rivista ACNP:$cP 85380 710 2 $aUniversidad Pontificia de Salamanca .$0(OLS)http://semarc/name/246 850 $aSeMil 852 $aSeMil$W1$xVenegono$y1$pCliccare per visualizzare collocazione, posseduto cumulativo e fascicoli ricevuti dell?annata corrente

Cliccare per visualizzare eventuali spogli (alla eventuale voce ?Indici? in fondo di pagina)$B228493$CSeMilBibl$Z2$F228493 $85 961 $aCambio: La Scuola Cattolica 996 $6022$a0036-3537$9(OLS)http://semarc/number/593 996 $6245$aSalmanticensis :$bcommentarius de Sacris Disciplinis$9(OLS)http://semarc/title/5287 996 $6260$aSalamanca :$bUniversidad Pontificia de Salamanca$9(OLS)http://semarc/publisher/30599 LEADER 01461nam a2200241 i 4500 001 000000019370 003 CaOOAMICUS 005 20180830125444.0 008 180830s1887 fr u000 u und u 040 $aSeMil$bita 100 1 $aShelley, Percy Bysshe,$d<1792-1822>.$0(OLS)http://semarc/name/8650 245 10$aOeuvres poétiques complètes /$cShelley ; traduction F. Rabbe [précédées d'une étude historique et critique sur la vie et les oeuvres de Shelley]. 246 04$iTitolo in copertina:$aOeuvres poétiques complètes de Shelley 260 $aParis :$bStock,$c1887-1908. 300 $a3 v. ;$c20 cm. 700 1 $aRabbe, Félix.$0(OLS)http://semarc/name/8651 773 0 $tBibliothèque cosmopolite.$dParis : Stock, [1908?]$w()19369 774 0 $t[Reine Mab. Alastor ou l'Esprit de la solitude. Laon et Cythna. Rosalinde et Hélène. Vers écrits au milieu des Montagnes Euganéènnes. Julien et Maddalo].$kBibliothèque cosmopolite$gTome1$w()170559 774 0 $t[Les Cenci. Prométhée délivré. La Magicienne de l'Atlas. Epipsychidion. Adonais. Hellas].$kBibliothèque cosmopolite$gTome2$w()170562 774 0 $t[Petit poèmes et fragments. Défense de la poésie].$kBibliothèque cosmopolite$gTome3$w()170563 996 $6245$aOeuvres poétiques complètes$9(OLS)http://semarc/title/25474 996 $6246$aOeuvres poétiques complètes de Shelley$9(OLS)http://semarc/title/25475 996 $6260$aParis :$bStock$9(OLS)http://semarc/publisher/35095 LEADER 01220nam a2200241 i 4500 001 000000053897 003 CaOOAMICUS 005 20100831000000.0 008 100831s1954 xx u000 u eng u 013 $a25069 040 $aSeMil$bita 100 1 $aMeany, James J. .$0(OLS)http://semarc/name/26685 245 14$aThe image of god in man according to the Doctrine of Saint John Damascene /$cPontificia Universitas Gregoriana ; By James J. Meany , S.J. 260 $aManila :$b[s.n.],$c1954. 300 $a97 p. ;$c25 cm. 500 $aContiene : Bibliography. - In mezzo al front : Compendium Dissertationis Ad Lauream in Facultate Theologica Pontificiae Universitatis Gregorianae. 600 04$aGiovanni : Damasceno .$0(OLS)http://semarc/subject/9467 650 4$aTesi di laurea.$0(OLS)http://semarc/subject/1690 710 2 $aPontificia Università Gregoriana .$0(OLS)http://semarc/name/5 850 $aSeMil 852 $aSeMil$W1$xVenegono$y1$m2I I 214$j20051$B20051$CSeMilBibl$Z2$F20053 $81 996 $6245$aThe image of god in man according to the Doctrine of Saint John Damascene$9(OLS)http://semarc/title/83201 996 $6260$aManila :$b[s.n.]$9(OLS)http://semarc/publisher/41663